Statistics for Main Series Ace Attorney Killers

Click here to take the quiz!

General Stats

  • This quiz has been taken 89 times
    (86 since last reset)
  • The average score is 25 of 34

Answer Stats

CaseVictimKiller% Correct
Turnabout Goodbyes (DL-6)Gregory EdgeworthManfred Von Karma
98%
Turnabout SistersMia FeyRedd White
95%
Turnabout MemoriesDoug SwallowDahlia Hawthorne
92%
Turnabout BeginningsValerie HawthorneDahlia Hawthorne
92%
The First TurnaboutCindy StoneFrank Sahwit
92%
Rise From The AshesBruce GoodmanDamon Gant
90%
Turnabout Big TopRussell BerryAcro
89%
Turnabout SuccessionDrew MishamKristoph Gavin
87%
Turnabout TrumpZak Gramarye (Shadi Smith)Kristoph Gavin
87%
Turnabout SamuraiJack HammerDee Vasquez
86%
Bridge To The TurnaboutMisty FeyGodot
86%
Farewell, My TurnaboutJuan CorridaShelly De Killler
81%
Recipe For TurnaboutGlen ElgFurio Tigre
79%
The Stolen TurnaboutKane BullardLuke Atmey
79%
Reunion, And TurnaboutTurner GreyMimi Miney
79%
Turnabout GoodbyesRobert HammondYanni Yogi
79%
The Lost TurnaboutDustin PrinceRichard Wellington
78%
The Cosmic TurnaboutClay TerranThe Phantom
76%
Turnabout For TomorrowMetis CykesThe Phantom
76%
Rise From The Ashes (SL-9)Neil MarshallDamon Gant
75%
Turnabout AcademyConstance CourteAristotle Means
70%
Turnabout Succession (Past Trial)Magnifi GramaryeMagnifi Gramarye
70%
Turnabout CountdownCandice ArmeTed Tonate
70%
Turnabout SerenadeRomein LeTouseDaryan Crescend
67%
Turnabout CornerPaul MeraktisAlita Tiala
63%
The Monstrous TurnaboutRex KyubiFlorent L’Belle
57%
Turnabout Revolution (Khura’in Trial)Inga Karkhuul Haw'kohd Dis'nahm Bi'ahni Lawga Ormo Pohmpus Da'nit Ar'edi Iz Khura'in IIIGa'ran Sigatar Khura'in
57%
The Magical TurnaboutManov MistreeRoger Retinz (Mr. Reus)
57%
The Rite Of Turnabout (First Murder)Tahrust InmeeTahrust Inmee
56%
Turnabout StorytellerTaifu ToneidoGeiru Toneido
51%
The Rite Of Turnabout (Second Murder)Rheel Neh’mu (Puhray Zeh’lot)Beh’leeb Inmee
49%
Turnabout Revolution (U.S. Trial)Archie BuffPaul Atishon
49%
The Foreign TurnaboutPaht RohlPees’lubn Andistan’dhin
43%
Turnabout Time TravelerDumas GloomsburyPierce Nichody
32%

Score Distribution

Percentile by Number Answered

Percent of People with Each Score

Your Score History

You have not taken this quiz since the last reset